LEADER 01291nam a2200289 u 4500 001 000000108885 003 CaOOAMICUS 005 20080108144646.0 008 080108s2004 it u000 u ita u 020 $a88-452-3272-7 040 $aPUL$bita$dLDB 100 1 $aBerti, Enrico,$d1935-$0(OLS)http://pul/name/112 245 10$aAristotele :$bdalla dialettica alla filosofia prima con saggi integrativi /$cEnrico Berti ; presentazione di Giovanni Reale. 260 $aMilano :$bBompiani,$c2004. 300 $a735 p. ;$c22 cm. 490 1 $aBompiani Il pensiero occidentale 500 $aInclude indici. 504 $aInclude bibliografia. 600 04$aAristoteles,$d384-322 a.C.$xCritica e interpretazione.$0(OLS)http://pul/subject/434 830 0$aBompiani Il pensiero occidentale.$0(OLS)http://pul/title/99836 850 $aPUL 852 $aPUL$W1$xSL Filosofia 3$y81$m190 COLL 2.9$j124547$qDDC 21$B123092$CPULBib$Z2$F123092 $H106043 $82 941 1 $a9 983 3$aIl pensiero occidentale (Bompiani) 996 $6020$a88-452-3272-7$9(OLS)http://pul/number/136599 996 $6245$aAristotele :$bdalla dialettica alla filosofia prima con saggi integrativi$9(OLS)http://pul/title/136994 996 $6260$aMilano :$bBompiani$9(OLS)http://pul/publisher/48240 LEADER 01182nam a2200253 u 4500 001 000000089289 003 CaOOAMICUS 005 20070226124612.0 008 051116s1956 it u000 u ita u 035 $a11069003 040 $aPUL(R)$bita 245 00$aContributi di studio per una dottrina della professione e della scuola /$ca cura della Presidenza Nazionale U.C.I.I.M. 246 33$aDottrina della scuola 260 $aRoma :$bEdizione dell'Unione Cattolica Italiana insegnanti medi,$c1956. 300 $a204 p. ;$c20 cm 490 1 $aLuce nella professione ;$v17 710 2 $aU.C.I.I.M.$0(OLS)http://pul/name/57881 830 0$aLuce nella professione ;$v17.$0(OLS)http://pul/title/20740 850 $aPUL 852 $aPUL$W1$xDP1 Fondo Pastorale$y55$mP10 A 39$j112920$nBK-PRI$b $qFondi$B112920$CPULBib$Z2$F112920 $HPUL1041 $81 941 1 $a1 996 $6245$aContributi di studio per una dottrina della professione e della scuola$9(OLS)http://pul/title/115309 996 $6246$aDottrina della scuola$9(OLS)http://pul/title/115310 996 $6260$aRoma :$bEdizione dell'Unione Cattolica Italiana insegnanti medi$9(OLS)http://pul/publisher/54408